Русский язык в упражнениях: учебное пособие (для говорящих на английском языке)

Detalhes bibliográficos
Autor principal: Хавронина С. А. Серафима Алексеевна
Outros Autores: Широченская А. И. Александра Ивановна
Idioma:russo
inglês
Publicado em: Москва, Русский язык, 2003
Edição:12-е изд., стер.
Assuntos:
Formato: Livro
KOHA link:https://koha.lib.tpu.ru/cgi-bin/koha/opac-detail.pl?biblionumber=349850

MARC

LEADER 00000nam0a2200000 4500
001 349850
005 20231101040241.0
010 |a 5200032059 
035 |a (RuTPU)RU\TPU\retro\2842 
035 |a RU\TPU\book\45904 
090 |a 349850 
100 |a 20180910d2003 m y0rusy50 ca 
101 0 |a rus  |a eng 
102 |a RU 
105 |a a j 000zy 
200 1 |a Русский язык в упражнениях  |e учебное пособие (для говорящих на английском языке)  |f С. А. Хавронина, А. И. Широченская 
205 |a 12-е изд., стер. 
210 |a Москва  |c Русский язык  |d 2003 
215 |a 285 с.  |c ил. 
610 1 |a русский язык 
610 1 |a учебные пособия 
610 1 |a русский для иностранцев 
610 1 |a грамматика 
610 1 |a упражнения 
610 1 |a русский язык как иностранный 
686 |a Ш141.2-96  |v LBC/SL-A  |2 rubbk 
700 1 |a Хавронина  |b С. А.  |g Серафима Алексеевна 
701 1 |a Широченская  |b А. И.  |g Александра Ивановна 
801 1 |a RU  |b 63413507  |c 20021110  |g PSBO 
801 2 |a RU  |b 63413507  |c 20221122  |g PSBO 
942 |c BK